DIAGNOSES AND TREATMENT OF COMMON SKIN DISEASES (Record no. 14607)

MARC details
000 -LEADER
fixed length control field 00333nam a22001457a 4500
003 - CONTROL NUMBER IDENTIFIER
control field SGT
082 ## - DEWEY DECIMAL CLASSIFICATION NUMBER
Classification number 616.5
Item number D16S
100 ## - MAIN ENTRY--PERSONAL NAME
Personal name SEHGAL, VERENDRA N.
245 ## - TITLE STATEMENT
Title DIAGNOSES AND TREATMENT OF COMMON SKIN DISEASES
250 ## - EDITION STATEMENT
Edition statement 5TH
260 ## - PUBLICATION, DISTRIBUTION, ETC. (IMPRINT)
Place of publication, distribution, etc INDIA
Name of publisher, distributor, etc JAYPEE
Year of Publication 2016
300 ## - PAGE DESCRIPTION
No. of Pages 352
650 ## - SUBJECT ADDED ENTRY--TOPICAL TERM
Topical term or geographic name as entry element DERMATOLOGY
942 ## - ADDED ENTRY ELEMENTS (KOHA)
Source of classification or shelving scheme Dewey Decimal Classification
Koha item type Books
Holdings
Withdrawn status Lost status Source of classification or shelving scheme Damaged status Not for loan Collection code Home library Current library Shelving location Date acquired Vendor Name SGTU Total Checkouts Full call number Accession No. (Barcode) Date last seen Bill Date Koha item type
    Dewey Decimal Classification     MEDICAL SGT Medical Library SGT Medical Library Text Book 18/01/2018 ABC SGTU   616.5 D16S FM9441 18/01/2018 18/01/2018 Books
    Dewey Decimal Classification     MEDICAL SGT Medical Library SGT Medical Library Text Book 18/01/2018 ABC SGTU   616.5 D16S FM9442 18/01/2018 18/01/2018 Books
    Dewey Decimal Classification     MEDICAL SGT Medical Library SGT Medical Library Text Book 18/01/2018 ABC SGTU   616.5 D16S FM9443 18/01/2018 18/01/2018 Books
    Dewey Decimal Classification     MEDICAL SGT Medical Library SGT Medical Library Text Book 18/01/2018 ABC SGTU   616.5 D16S FM9444 18/01/2018 18/01/2018 Books
    Dewey Decimal Classification     MEDICAL SGT Medical Library SGT Medical Library Text Book 18/01/2018 ABC SGTU   616.5 D16S FM9445 18/01/2018 18/01/2018 Books
    Dewey Decimal Classification     MEDICAL SGT Medical Library SGT Medical Library Text Book 18/01/2018 ABC SGTU   616.5 D16S FM9446 18/01/2018 18/01/2018 Books
    Dewey Decimal Classification     MEDICAL SGT Medical Library SGT Medical Library Text Book 18/01/2018 ABC SGTU   616.5 D16S FM9447 18/01/2018 18/01/2018 Books
    Dewey Decimal Classification     MEDICAL SGT Medical Library SGT Medical Library Text Book 18/01/2018 ABC SGTU   616.5 D16S FM9448 18/01/2018 18/01/2018 Books
    Dewey Decimal Classification     MEDICAL SGT Medical Library SGT Medical Library Text Book 18/01/2018 ABC SGTU   616.5 D16S FM9449 18/01/2018 18/01/2018 Books
    Dewey Decimal Classification     MEDICAL SGT Medical Library SGT Medical Library Text Book 18/01/2018 ABC SGTU   616.5 D16S FM9450 18/01/2018 18/01/2018 Books